Statistiken für Alle Deutsche Kennzeichen schwere Version (Gelbe Box)

Klicken Sie hier um das Quiz zu spielen!

Allgemein

  • Dieses Quiz wurde 66 mal gespielt
    (52 seit der letzten Aktualisierung)
  • Das Durchschnittsergebnis liegt bei 94 aus 585

Antwortstatistiken

CodeCity% Korrekt
AAugsburg
84%
BBerlin
69%
ACAachen
64%
DDüsseldorf
62%
FFrankfurt am Main
62%
HHannover
62%
AAAalen
60%
EEssen
60%
HHHamburg
60%
KKöln
60%
JJena
58%
MMünchen
58%
CChemnitz
56%
BIBielefeld
53%
DODortmund
53%
DDDresden
53%
HAMHamm
53%
LLeipzig
53%
NNürnberg
53%
PPotsdam
53%
ABAschaffenburg
51%
BOBochum
51%
BNBonn
51%
KAKarlsruhe
51%
SStuttgart
51%
CUXCuxhaven
49%
BADBaden-Baden
47%
HBBremen
47%
DUDuisburg
47%
LEVLeverkusen
47%
RRegensburg
47%
AURAurich
44%
DADarmstadt
44%
GEGelsenkirchen
44%
Göttingen
44%
HRORostock
44%
BOTBottrop
42%
GGera
42%
MZMainz
42%
MAMannheim
42%
OBOberhausen
42%
BITBitburg
40%
CECelle
40%
EMDEmden
40%
EFErfurt
40%
GIGießen
40%
HIHildesheim
40%
INIngolstadt
40%
KIKiel
40%
MSMünster
40%
OSOsnabrück
40%
WOBWolfsburg
40%
Altötting
38%
BSBraunschweig
38%
HALHalle
38%
HDHHeidenheim
38%
JÜLJülich
38%
KOKoblenz
38%
LIPLippe
38%
OLOldenburg
38%
PBPaderborn
38%
RÜGRügen
38%
Tübingen
38%
TUTTuttlingen
38%
VECVechta
38%
WWuppertal
38%
ZZwickau
38%
AMAmberg
36%
BBBöblingen
36%
CLPCloppenburg
36%
DEGDeggendorf
36%
Fürth
36%
FÜSFüssen
36%
GTGütersloh
36%
HDHeidelberg
36%
KSKassel
36%
KRKrefeld
36%
MGMönchengladbach
36%
SISiegen
36%
WITWitten
36%
AICAichach
33%
TÖLBad Tölz
33%
COCoburg
33%
FDFulda
33%
IZItzehoe
33%
LERLeer
33%
HLLübeck
33%
WIWiesbaden
33%
Würzburg
33%
BABamberg
31%
COECoesfeld
31%
HXHöxter
31%
Lörrach
31%
LBLudwigsburg
31%
LULudwigshafen
31%
NENeuss
31%
PFPforzheim
31%
QLBQuedlinburg
31%
RVRavensburg
31%
ANAnsbach
29%
CASCastrop-Rauxel
29%
COCCochem
29%
DAHDachau
29%
DELDelmenhorst
29%
ERErlangen
29%
FLFlensburg
29%
GLAGladbeck
29%
GTHGotha
29%
HAHagen
29%
KLEKleve
29%
LÜNLünen
29%
MÜRMüritz
29%
PAPassau
29%
PLÖPlön
29%
RERecklinghausen
29%
TSTraunstein
29%
UNUnna
29%
BORBorken
27%
CHACham
27%
DINDinslaken
27%
ESEsslingen
27%
EUEuskirchen
27%
FFBFürstenfeldbruck
27%
GGGroß-Gerau
27%
HFHerford
27%
HOMHomburg
27%
KLKaiserslautern
27%
MMMemmingen
27%
MILMiltenberg
27%
PIPinneberg
27%
SBSaarbrücken
27%
SZSalzgitter
27%
SOSoest
27%
TBBTauberbischofsheim
27%
TRTrier
27%
VIEViersen
27%
ANAAnnaberg
24%
GLBergisch-Gladbach
24%
CWCalw
24%
ECKEckernförde
24%
GPGöppingen
24%
HERHerne
24%
LALandshut
24%
MYMayen
24%
PEPeine
24%
PAFPfaffenhofen
24%
RORosenheim
24%
SIGSigmaringen
24%
SÖMSömmerda
24%
WOWorms
24%
AWAhrweiler
22%
AKAltenkirchen
22%
AZAlzey
22%
DGFDingolfing
22%
ESWEschwege
22%
FOForchheim
22%
FBFriedberg
22%
GAPGarmisch-Partenkirchen
22%
GMGummersbach
22%
HASHaßfurt
22%
KNKonstanz
22%
MDMagdeburg
22%
MEMettmann
22%
MOSMosbach
22%
MHMülheim
22%
PLPlauen
22%
RARastatt
22%
SLSchleswig
22%
UEUelzen
22%
VAIVaihingen
22%
APApolda
20%
BARBarnim
20%
BMBergheim
20%
BCBiberach
20%
BÜDBüdingen
20%
DAUDaun
20%
DILDillenburg
20%
DNDüren
20%
GERGermersheim
20%
HNHeilbronn
20%
HPHeppenheim
20%
ILIlmenau
20%
KÖTKöthen
20%
KÜNKünzelsau
20%
KUSKusel
20%
LEOLeonberg
20%
NEANeustadt
20%
Nördlingen
20%
ÖHRÖhringen
20%
PIRPirna
20%
REGRegen
20%
SPSpeyer
20%
WATWattenscheid
20%
AHAhaus
18%
ALZAlzenau
18%
ARNArnstadt
18%
AIBBad Aibling
18%
BTBayreuth
18%
BIRBirkenfeld
18%
CBCottbus
18%
EINEinbeck
18%
EAEisenach
18%
ERBErbach
18%
GFGifhorn
18%
GSGoslar
18%
KELKehl
18%
KTKitzingen
18%
LILindau
18%
MZGMerzig
18%
MONMonschau
18%
OEOlpe
18%
PEGPegnitz
18%
PRÜPrüm
18%
RZRatzeburg
18%
RSRemscheid
18%
ROWRotenburg
18%
RWRottweil
18%
SHASchwäbisch Hall
18%
SGSolingen
18%
VERVerden
18%
WESWesel
18%
HWIWismar
18%
ABGAltenburg
16%
AUAue
16%
DÜWBad Dürkheim
16%
EMSBad Ems
16%
BZBautzen
16%
BRABrake
16%
BRBBrandenburg
16%
BRBBrandenburg
16%
DUDDuderstadt
16%
EBEEbersberg
16%
EICEichsfeld
16%
EMEmmendingen
16%
ERKErkelenz
16%
FSFreising
16%
FDSFreudenstadt
16%
FNFriedrichshafen
16%
HIPHilpoltstein
16%
ILLIllertissen
16%
KIBKirchheimbolanden
16%
KUKulmbach
16%
LWLLudwigslust
16%
LGLüneburg
16%
MEIMeissen
16%
MOMoers
16%
NORNorden
16%
OFOffenbach am Main
16%
RTReutlingen
16%
SWSchweinfurt
16%
SUSiegburg
16%
STAStarnberg
16%
TIRTirschenreuth
16%
ÜBÜberlingen
16%
VSVillingen-Schwenningen
16%
WHVWilhelmshaven
16%
WUNWunsiedel
16%
ZELZell
16%
ANKAnklam
13%
DBRBad Doberan
13%
BLBalingen
13%
BEBeckum
13%
BGDBerchtesgaden
13%
BINBingen
13%
BTFBitterfeld
13%
CRCrailsheim
13%
DEDessau
13%
DHDiepholz
13%
EIEichstätt
13%
FEUFeuchtwangen
13%
GELGeldern
13%
GRZGreiz
13%
GUBGuben
13%
GUNGunzenhausen
13%
HUHanau
13%
KFKaufbeuren
13%
KBKorbach
13%
LLLandsberg am Lech
13%
NMSNeumünster
13%
NINienberg
13%
OCHOchsenfurt
13%
QFTQuerfurt
13%
SHGSchaumburg
13%
SIMSimmern
13%
GOASt.Goar
13%
IGBSt.Ingbert
13%
SEBad Segeberg
11%
BERBernau
11%
BOHBocholt
11%
BOGBogen
11%
CLZClausthal
11%
DIZDiez
11%
DKBDinkelsbühl
11%
EDErding
11%
FTFrankenthal
11%
FGFreiberg
11%
FRFreiburg im Breisgau
11%
HBSHalberstadt
11%
HSHeinsberg
11%
HEHelmstedt
11%
HOHof
11%
LPLippstadt
11%
LÖBLöbau
11%
MBMiesbach
11%
NECNeustadt
11%
NEWNeustadt
11%
NUNeu-Ulm
11%
NOHNordhorn
11%
OGOffenburg
11%
PCHParchim
11%
RIRinteln
11%
RHRoth
11%
ROTRothenburg
11%
WEWeimar
11%
WZWetzlar
11%
WTMWittmund
11%
ZWZweibrücken
11%
ASLAschersleben
9%
BKBacknang
9%
BLBBad Berleburg
9%
KGBad Kissingen
9%
BCHBuchen
9%
BRGBurg
9%
GNGelnhausen
9%
GRMGrimma
9%
GZGünzburg
9%
HMHameln
9%
KEKempten
9%
LIFLichtenfels
9%
MELMelle
9%
NAINaila
9%
NBNeubrandenburg
9%
NMNeumarkt
9%
NRNeuwied
9%
NDHNordhausen
9%
NTNürtingen
9%
OBBObernburg
9%
SLSSaarlouis
9%
SCSchwabach
9%
SNSchwerin
9%
UFFUffenheim
9%
USIUsingen
9%
VIBVilsbiburg
9%
WTWaldshut
9%
WANWanne-Eickel
9%
WIZWitzenhausen
9%
WFWolfenbüttel
9%
WURWurzen
9%
ZZZeitz
9%
ALFAlfeld
7%
ANGAngermünde
7%
ARTArtern
7%
HGBad Homburg
7%
KHBad Kreuznach
7%
MGHBad Mergentheim
7%
ODBad Oldesloe
7%
BKSBernkastel
7%
BIDBiedenkopf
7%
BRLBraunlage
7%
BFBurgsteinfurt
7%
BÜSBüsingen
7%
DMDemmin
7%
DIDieburg
7%
DLGDillingen an der Donau
7%
EILEisleben
7%
FFFrankfurt an der Oder
7%
GNTGenthin
7%
GRGörlitz
7%
Güstrow
7%
HCHHechingen
7%
HÖSHöchstadt
7%
HORHorb
7%
KEHKelheim
7%
KCKronach
7%
MGNMeiningen
7%
MNMindelheim
7%
NABNabburg
7%
NOMNortheim
7%
OPOpladen
7%
SAWSalzwedel
7%
GDSchwäbisch Gmünd
7%
SELSelb
7%
SONSonneberg
7%
SDLStendal
7%
SRStraubing
7%
SULSulzbach
7%
TTTettnang
7%
WARWarburg
7%
ATAltentreptow
4%
AEAuerbach
4%
BRKBad Brückenau
4%
GANBad Gandersheim
4%
BSKBeeskow
4%
BBGBernburg
4%
BSBBersenbrück
4%
BEDBrand-Erbisdorf
4%
BRVBremervörde
4%
BURBuren
4%
DLDöbeln
4%
EBNEbern
4%
EWEberswalde
4%
EHEisenhüttenstadt
4%
FKBFrankenberg
4%
FTLFreital
4%
FDBFriedberg
4%
FWFürstenwalde
4%
GKGeilenkirchen
4%
GCGlauchau
4%
GRAGrafenau
4%
HGWGreifswald
4%
HGNHagenow
4%
HCHainichen
4%
HEBHersbruck
4%
HBNHildburghausen
4%
HOGHofgeismar
4%
HOLHolzminden
4%
HYHoyerswerda
4%
JEJessen
4%
KEMKemnath
4%
KLZKlötze
4%
KRUKrumbach
4%
LRLahr
4%
LHLüdinghausen
4%
MEDMeldorf
4%
MEGMelsungen
4%
MERMerseburg
4%
MHLMühlhausen
4%
NAUNauen
4%
NMBNaumberg
4%
NEBNebra
4%
NWNeustadt
4%
OHAOsterode am Harz
4%
PARParsberg
4%
PWPasewalk
4%
PZPrenzlau
4%
PRPrignitz
4%
RNRathenow
4%
REHRehau
4%
RODRoding
4%
ROFRotenburg
4%
ROLRottenburg
4%
SABSaarburg
4%
SGHSangerhausen
4%
SCZSchleiz
4%
SMÜSchwabmünchen
4%
SEBSebnitz
4%
SDHSondershausen
4%
GOHSt Goarshausen
4%
TPTemplin
4%
TGTorgau
4%
UMUckermark
4%
VKVölklingen
4%
WRNWaren
4%
WMWeilheim
4%
WSFWeißenfels
4%
WRWernigerode
4%
WERWertingen
4%
WTLWittlage
4%
WOHWolfhagen
4%
WBSWorbis
4%
ZIZittau
4%
FRWBad Freienwalde
2%
LSZBad Langensalza
2%
LIBBad Liebenwerda
2%
REIBad Reichenhall
2%
SLGBad Saulgau
2%
SWABad Schwalbach
2%
BIWBischofswerda
2%
BNABorna
2%
BHBühl
2%
BULBurglengenfeld
2%
BÜZBützow
2%
CACalau
2%
DZDelitzsch
2%
DWDippoldiswalde
2%
EBSEbermannstadt
2%
EGEggenfelden
2%
EBEilenburg
2%
ESBEschenbach
2%
FIFinsterwalde
2%
FLÖFlöha
2%
FORForst
2%
FZFritzlar
2%
GAGardelegen
2%
GHAGeithain
2%
GEOGerolzhofen
2%
GHCGräfenhainichen
2%
GMNGrimmen
2%
GRHGroßenhain
2%
HDLHaldensleben
2%
HABHammelburg
2%
HVHavelberg
2%
HIGHeiligenstadt
2%
HETHettstedt
2%
HOHHofheim
2%
HHMHohenmölsen
2%
HRHomberg
2%
KMKamenz
2%
KÖNKönigshofen
2%
KWKönigs Wusterhausen
2%
KÖZKötzting
2%
KYKyritz
2%
LDLandau in der Pfalz
2%
LFLaufen
2%
LBSLobenstein
2%
LNLübben
2%
LBZLübz
2%
LCLuckau
2%
MAIMainburg
2%
MCMalchin
2%
MALMallersdorf
2%
MABMarienberg
2%
MODMarktoberdorf
2%
MAKMarktredwitz
2%
METMellrichstadt
2%
MWMittweida
2%
Mühldorf
2%
MÜBMünchberg
2%
NDNeuberg
2%
NHNeuhaus
2%
NENNeunburg
2%
NPNeuruppin
2%
NRÜNeustadt
2%
NZNeustrelitz
2%
NYNiesky
2%
OVIOberviechtach
2%
OZOschatz
2%
OCOschersleben
2%
PANPfarrkirchen
2%
PNPößneck
2%
RCReichenbach
2%
RIDRiedenburg
2%
RIERiesa
2%
RMRöbel
2%
RLRochlitz
2%
ROKRockenhausen
2%
RSLRoßlau
2%
SÄKSäckingen
2%
SEFScheinfeld
2%
SOGSchongau
2%
SOBSchrobenhausen
2%
SZBSchwarzenberg
2%
SDTSchwedt
2%
SFBSenftenberg
2%
SANStadtsteinach
2%
STOStockach
2%
STLStollberg
2%
HSTStralsund
2%
SRBStrausberg
2%
WNDSt.Wendel
2%
SHLSuhl
2%
TETeterow
2%
UEMUeckermünde
2%
VITViechtach
2%
VOFVilshofen
2%
VOHVohenstrauß
2%
WAWaldeck
2%
WUMWaldmünchen
2%
WGWangen
2%
WZLWanzleben
2%
WSWasserburg
2%
WENWeiden
2%
WELWeilburg
2%
WSWWeißwasser
2%
WDAWerdau
2%
WBWittenberg
2%
WKWittstock
2%
WOLWolfach
2%
WORWolfratshausen
2%
WOSWolfstein
2%
WLGWolgast
2%
WMSWolmirstedt
2%
ZRZeulenroda
2%
ZIGZiegenhain
2%
ZPZschopau
2%
GDBGadesbusch
0%
GVGravenbroich
0%
HMUHanoversch
0%
HOTHohenstein-Ernstthal
0%
LANLandau an der Isar
0%
WEGWegscheid
0%
WDWeidenbrück
0%
WEMWesermünde
0%
WEBWesterburg
0%
ZSZossen
0%

Verteilung der Resultate

Perzentil nach korrekt beantworteten Fragen

Anzahl Personen mit jedem Resultat

Ihre Resultats-Entwicklung

Sie haben dieses Quiz seit der letzten Aktualisierung nicht gespielt